000 00435nab a2200145Ia 4500
003 ES-SlBCS
005 20210601134038.0
008 140529s1978 xxu||||| |||| 00| 0 por d
041 _apor
100 1 _aLiberato, Irmäo
_9212704
245 0 0 _aComunidade crista e Universidade
_c Irmäo Liberato
650 0 4 _aComunidad Cristiana-Universidad
_9212882
773 0 _tVeritas
_gvol. 23, nº. 90, 1978, págs. 121-130
_wRev488
942 _cAR
999 _c606210
_d606210